Ação declaratória / (Record no. 767)

MARC details
000 -LÍDER
Campo Fixo de Controle 00882nam a2200277 a 4500
001 - NÚMERO DE CONTROLE
Campo de Controle 767
003 - IDENTIFICAÇÃO DO NÚMERO DE CONTROLE
Campo de Controle BR-CuiBMT
005 - DATA E HORA DA ÚLTIMA ATUALIZAÇÃO
Campo de Controle 20231219193149.0
008 - DADOS FIXOS
Dados Fixos 231116s1995 spb 001 0 por d
020 ## - INTERNATIONAL STANDARD BOOK NUMBER
Nº do ISBN 8520313337
040 ## - AGÊNCIA CATALOGADORA
Código da Agência Catalogadora BR-CuiBMT
Agência que transcreveu o registro BR-CuiBMT
080 ## - Nº DA CLASSIFICAÇÃO DECIMAL UNIVERSAL
Nº Class. CDU 347.922
Nº edição CDU 2007
090 ## - NÚMERO DE CHAMADA
Nº classificação 347.922
Cutter L864a
Ano/Edição 4. ed.
100 1# - ENTRADA PRINCIPAL -- AUTOR PESSOAL
Nome pessoal Lopes, João Batista
245 10 - TÍTULO PRINCIPAL
Título principal Ação declaratória /
Indicação de responsabilidade João Batista Lopes.
250 ## - EDIÇÃO
Edição 4. ed., rev. e ampl.
260 ## - PUBLICAÇÃO, DISTRIBUIÇÃO, ETC.
Local de publicação São Paulo :
Editora Revista dos Tribunais,
Data 1995.
300 ## - DESCRIÇÃO FÍSICA
N. páginas ou volumes 192 p. ;
Dimensões 21 cm
490 1# - INDICAÇÃO DE SÉRIE
Título da série Coleção estudos de direito de processo ;
Volume/designação sequencial da série v. 10
504 ## - NOTA DE BIBLIOGRAFIA, ETC.
Nota de bibliografia Inclui bibliografia e índice.
650 ## - ASSUNTO TÓPICO
Cabeçalho tópico ou nome geográfico Ações cíveis
Subdivisão de forma Direito civil
Subdivisão geográfica Brasil
650 ## - ASSUNTO TÓPICO
Cabeçalho tópico ou nome geográfico Ações declaratórias
Subdivisão geral Direito civil
Subdivisão geográfica Brasil
650 ## - ASSUNTO TÓPICO
Cabeçalho tópico ou nome geográfico Direito processual
Subdivisão geográfica Brasil
830 #0 - ENTRADA SECUNDÁRIA DE SÉRIE -- TÍTULO UNIFORME
Título uniforme Estudos de direito de processo ;
Nº do volume/designação sequencial da série 10
942 ## - ELEMENTOS DE ENTRADA ADICIONAIS (KOHA)
Fonte de classificação ou esquema de arquivamento Classificação Decimal Universal
Tipo de item do Koha Livros
Holdings
Estado: removido Estado: perdido Fonte de classificação ou esquema de arquivamento Estado: danificado Indisponível para empréstimo Localização permanente Localização atual Data de aquisição Total Checkouts Número de Chamada completo Código de barras Date last seen Número do exemplar Preço efetivo a partir de Tipo de item (Koha)
    Classificação Decimal Universal     Biblioteca da Escola Superior de Contas do TCE/MT Biblioteca da Escola Superior de Contas do TCE/MT 16/11/2023   347.922 L864a BIBTCEMT23110672 16/11/2023 Ex. 1 16/11/2023 Livros

Powered by Koha